Učitavanje...
Tantra: Paramabhodam
| Glavni autor: | |
|---|---|
| Format: | Printed Book |
| Jezik: | Malayalam |
| Izdano: |
Mulbery
Mulbery
1998
|
| LEADER | 00434nam a2200121Ia 4500 | ||
|---|---|---|---|
| 008 | 111204s9999 xx 000 0 mal d | ||
| 100 | |a Osho | ||
| 245 | |a Tantra: Paramabhodam |c Osho | ||
| 260 | |b Mulbery |a Mulbery |c 1998 | ||
| 300 | |a 174p. | ||
| 942 | |c BK | ||
| 999 | |c 216331 |d 216331 | ||
| 952 | |0 0 |1 0 |2 ddc |4 0 |6 294_392000000000000_7_OSH_T |7 0 |9 239133 |a MAL |b MAL |c ST1 |d 2011-12-05 |g 80.00 |l 1 |o 294.392 7 OSH/T |p MAL25254 |r 2019-08-03 |s 2019-07-15 |v 80.00 |w 2011-12-05 |y BK | ||